[Event "Bucharest-A (Women)"]
[Site "Bucharest"]
[Date "1994.??.??"]
[Round "?"]
[White "Cosma, Elena Luminita"]
[Black "Roizen, Nadejda"]
[Result "1/2-1/2"]
[WhiteElo "2310"]
[BlackElo "2280"]
[PlyCount "48"]
[EventDate "1994.??.??"]
[EventType "tourn"]
[EventRounds "10"]
[EventCountry "ROU"]
[EventCategory "1"]
[SourceTitle "EXT 1997"]
[Source "ChessBase"]
[SourceDate "1996.11.15"]
[SourceVersion "1"]
[SourceVersionDate "1996.11.15"]
[SourceQuality "1"]

1. e4 e6 2. d4 d5 3. Nd2 c5 4. exd5 Qxd5 5. Ngf3 cxd4 6. Bc4 Qd6 7. 0-0 Nf6 8. Nb3 Nc6 9. Nbxd4 Nxd4 10. Nxd4 a6 11. b3 Qc7 12. Qf3 Bd6 13. h3 0-0 14. Bb2 b6 15. Qc6 Qb8 16. Be2 Bc5 17. Bf3 Ra7 18. Qa4 b5 19. Nc6 Qg3 20. Qb4 Qg5 21. Qe1 Rd7 22. Qe5 Qxe5 23. Nxe5 Rd2 24. Nd3 Rxc2 1/2-1/2

[Event "Bucharest-A (Women)"]
[Site "Bucharest"]
[Date "1994.??.??"]
[Round "?"]
[White "Iosif, Cristina S"]
[Black "Roizen, Nadejda"]
[Result "1/2-1/2"]
[WhiteElo "2230"]
[BlackElo "2280"]
[PlyCount "84"]
[EventDate "1994.??.??"]
[EventType "tourn"]
[EventRounds "10"]
[EventCountry "ROU"]
[EventCategory "1"]
[SourceTitle "EXT 1997"]
[Source "ChessBase"]
[SourceDate "1996.11.15"]
[SourceVersion "1"]
[SourceVersionDate "1996.11.15"]
[SourceQuality "1"]

1. e4 e6 2. d4 d5 3. Nc3 Nf6 4. e5 Nfd7 5. Nce2 c5 6. c3 Nc6 7. f4 cxd4 8. cxd4 Bb4+ 9. Bd2 Qa5 10. Bxb4 Qxb4+ 11. Qd2 Nb6 12. Qxb4 Nxb4 13. Kd2 Nc4+ 14. Kc3 Nc6 15. Ng3 Ne3 16. Nf3 Bd7 17. Kd2 Nxf1+ 18. Rhxf1 Rc8 19. Rac1 Ke7 20. Rc3 Na5 21. Rxc8 Rxc8 22. b3 Bb5 23. Rc1 Rxc1 24. Kxc1 Nc6 25. Kb2 Nb4 26. Ne1 f6 27. a4 Be8 28. Kc3 a5 29. Ne2 b5 30. axb5 Bxb5 31. Kd2 Nc6 32. Nc2 Bxe2 33. Kxe2 Nb4 34. Na3 Kf7 35. Nb5 g5 36. Nd6+ Kg6 37. g3 gxf4 38. gxf4 Nc2 39. Kd3 Ne1+ 40. Ke2 Nc2 41. Kd3 Nb4+ 42. Ke3 Nc2+ 1/2-1/2

[Event "Bucharest-A (Women)"]
[Site "Bucharest"]
[Date "1994.??.??"]
[Round "?"]
[White "Roizen, Nadejda"]
[Black "Iosif, Cristina S"]
[Result "1-0"]
[WhiteElo "2280"]
[BlackElo "2230"]
[PlyCount "133"]
[EventDate "1994.??.??"]
[EventType "tourn"]
[EventRounds "10"]
[EventCountry "ROU"]
[EventCategory "1"]
[SourceTitle "EXT 1997"]
[Source "ChessBase"]
[SourceDate "1996.11.15"]
[SourceVersion "1"]
[SourceVersionDate "1996.11.15"]
[SourceQuality "1"]

1. d4 Nf6 2. c4 e6 3. Nf3 b6 4. g3 Bb7 5. Bg2 Be7 6. Nc3 d5 7. cxd5 Nxd5 8. Nxd5 Bxd5 9. 0-0 0-0 10. Qc2 Nd7 11. e4 Bb7 12. Rd1 Rc8 13. Be3 Qe8 14. Ng5 Ba8 15. d5 e5 16. Bh3 Bd6 17. Qa4 Nf6 18. Qc4 Rb8 19. Nf3 Bb7 20. Bg5 Nd7 21. b4 h6 22. Be3 Kh7 23. Nh4 Nf6 24. f3 Qa4 25. a3 g6 26. Qc1 Ng8 27. Ng2 a5 28. bxa5 Qxa5 29. Ne1 Ra8 30. Nd3 Qb5 31. Qc3 Qe8 32. Bc1 c6 33. dxc6 Qxc6 34. Bb2 Qxc3 35. Bxc3 Rxa3 36. Rxa3 Bxa3 37. Nxe5 Bc5+ 38. Kg2 Nf6 39. Nc4 Nxe4 40. fxe4 Bxe4+ 41. Kf1 Bc6 42. Ne5 Bb5+ 43. Kg2 f6 44. Ra1 Re8 45. Ra7+ Re7 46. Rxe7+ Bxe7 47. Bd7 Ba6 48. Nc6 Bb7 49. Kf1 Bxc6 50. Bxc6 f5 51. Ke2 h5 52. Kf3 Bd6 53. Bf6 Kg8 54. Be8 Kh7 55. Bd4 Bc7 56. Bf6 Kh6 57. Bd7 Bd6 58. Bd4 Bc7 59. Be3+ Kg7 60. Bg5 Bd6 61. Be8 Bc5 62. h4 Bd6 63. Bf4 Be7 64. Ke3 Bc5+ 65. Kd3 Bf2 66. Kc4 Bc5 67. Kd5 1-0

[Event "Bucharest CCS (Women)"]
[Site "Bucharest"]
[Date "1993.??.??"]
[Round "5"]
[White "Diozu, Maia"]
[Black "Roizen, Nadejda"]
[Result "0-1"]
[WhiteElo "2020"]
[BlackElo "2205"]
[PlyCount "84"]
[EventDate "1993.??.??"]
[EventType "tourn"]
[EventRounds "13"]
[EventCountry "ROU"]
[SourceTitle "EXT 1999"]
[Source "ChessBase"]
[SourceDate "1998.11.16"]
[SourceVersion "1"]
[SourceVersionDate "1998.11.16"]
[SourceQuality "1"]

1. e4 Nf6 2. e5 Nd5 3. d4 d6 4. Bc4 Nb6 5. Bd3 g6 6. Nf3 Bg7 7. h3 0-0 8. 0-0 Nc6 9. exd6 cxd6 10. c3 Be6 11. Nbd2 Bd5 12. Re1 e5 13. dxe5 dxe5 14. Bb5 Qc7 15. Qe2 Rfe8 16. Nf1 a6 17. Bxc6 Bxc6 18. Be3 Bb5 19. Bxb6 Qxb6 20. Qe3 Qc7 21. a4 Bc6 22. N1d2 Rad8 23. Nb3 f5 24. a5 Bd5 25. Nfd2 Qf7 26. Qb6 Rc8 27. Nc1 Bh6 28. Rd1 Rc6 29. Qb4 g5 30. Ne2 Bf8 31. Qa4 f4 32. f3 Bc5+ 33. Kh2 g4 34. c4 g3+ 35. Kh1 Be6 36. Ne4 Be7 37. b3 Bf5 38. Rf1 Qh5 39. Ng1 Qg6 40. Rae1 Rd8 41. Qa2 Bb4 42. Re2 Rd4 0-1

[Event "Bucharest (Women)"]
[Site "Bucharest"]
[Date "1993.??.??"]
[Round "10"]
[White "Iosif, Cristina S"]
[Black "Roizen, Nadejda"]
[Result "1/2-1/2"]
[WhiteElo "2195"]
[BlackElo "2210"]
[PlyCount "150"]
[EventDate "1993.??.??"]
[EventType "tourn"]
[EventRounds "11"]
[EventCountry "ROU"]
[SourceTitle "TD"]
[Source "ChessBase"]
[SourceDate "1994.03.01"]
[SourceVersion "1"]
[SourceVersionDate "1994.03.01"]
[SourceQuality "1"]

1. e4 e6 2. d4 d5 3. Nc3 Nf6 4. e5 Nfd7 5. f4 c5 6. Nf3 Nc6 7. Be3 cxd4 8. Bxd4 Nxd4 9. Qxd4 Bc5 10. Qd2 0-0 11. 0-0-0 Qa5 12. Qd3 f6 13. exf6 Nxf6 14. h3 Bb4 15. Ne2 Qxa2 16. c3 Bd6 17. g3 Ne4 18. Rh2 Nc5 19. Qe3 Nb3+ 20. Kc2 e5 21. g4 e4 22. Nfd4 Nxd4+ 23. Qxd4 Be6 24. Rf2 Rac8 25. Nc1 Qa5 26. Nb3 Qc7 27. f5 Be5 28. Qe3 Bg3 29. Rg2 Bf4 30. Qxa7 Bf7 31. Qd4 Be5 32. Qe3 Qc6 33. Ra1 Ra8 34. Rxa8 Rxa8 35. Qc5 Qxc5 36. Nxc5 Rc8 37. Nd7 Bd6 38. Rd2 Rd8 39. Nb6 Bc7 40. Na4 Kf8 41. Nc5 b6 42. Nb3 Bf4 43. Rd1 Ke7 44. Ra1 Be3 45. Bb5 g6 46. Re1 Bc5 47. fxg6 Bxg6 48. Nxc5 bxc5 49. Kd2 Rb8 50. c4 d4 51. Ra1 e3+ 52. Ke1 Rf8 53. Ra7+ Kd6 54. Rd7+ Ke6 55. Rd5 d3 56. Bd7+ Ke7 57. Bf5 d2+ 58. Ke2 Bxf5 59. gxf5 Rb8 60. Kxe3 Rxb2 61. Ke2 Rb3 62. Kxd2 Rxh3 63. Rxc5 Kf6 64. Rd5 Rf3 65. Rd7 h5 66. Rh7 Rxf5 67. Kc3 Kg6 68. Rh8 Kg7 69. Rd8 h4 70. Kb4 h3 71. Rd1 Rh5 72. c5 h2 73. Rh1 Kf7 74. Kb5 Ke7 75. Kb6 Kd8 1/2-1/2

[Event "Bucharest CCS (Women)"]
[Site "Bucharest"]
[Date "1993.??.??"]
[Round "1"]
[White "Roizen, Nadejda"]
[Black "Andreescu, Aurora Nicoleta"]
[Result "1/2-1/2"]
[WhiteElo "2205"]
[BlackElo "2025"]
[PlyCount "27"]
[EventDate "1993.??.??"]
[EventType "tourn"]
[EventRounds "13"]
[EventCountry "ROU"]
[SourceTitle "EXT 1999"]
[Source "ChessBase"]
[SourceDate "1998.11.16"]
[SourceVersion "1"]
[SourceVersionDate "1998.11.16"]
[SourceQuality "1"]

1. d4 Nf6 2. c4 g6 3. g3 d5 4. cxd5 Nxd5 5. Bg2 Bg7 6. Nf3 0-0 7. 0-0 Nc6 8. e4 Nb6 9. d5 Ne5 10. Nxe5 Bxe5 11. Qc2 e6 12. dxe6 Bxe6 13. Rd1 Qf6 14. Nc3 1/2-1/2

[Event "Bucharest1"]
[Site "Bucharest"]
[Date "1993.??.??"]
[Round "1"]
[White "Roizen, Nadejda"]
[Black "Bogdan, Dan"]
[Result "0-1"]
[WhiteElo "2205"]
[BlackElo "2290"]
[PlyCount "72"]
[EventDate "1993.??.??"]
[EventType "tourn"]
[EventRounds "11"]
[EventCountry "ROU"]
[EventCategory "3"]
[SourceTitle "EXT 1997"]
[Source "ChessBase"]
[SourceDate "1996.11.15"]
[SourceVersion "1"]
[SourceVersionDate "1996.11.15"]
[SourceQuality "1"]

1. d4 d6 2. c4 g6 3. Nf3 Bg7 4. g3 Nd7 5. Bg2 e5 6. Nc3 Ne7 7. 0-0 0-0 8. e4 a6 9. h3 Rb8 10. Bg5 h6 11. Be3 f5 12. dxe5 dxe5 13. Qd2 g5 14. exf5 Nxf5 15. Rad1 Nxe3 16. Qxe3 b5 17. cxb5 axb5 18. Nd2 b4 19. Na4 Qe7 20. Ne4 Nb6 21. Nxb6 Rxb6 22. Nc5 Kh8 23. Rd2 Rd6 24. Rfd1 Rfd8 25. Nb3 Rxd2 26. Rxd2 Be6 27. Kh2 Rxd2 28. Nxd2 Qd6 29. Nb3 Bf8 30. Qe4 Kg7 31. Nc1 Be7 32. Nd3 Qd4 33. b3 Bd6 34. h4 gxh4 35. gxh4 Kf6 36. Bh3 Qxe4 0-1

[Event "Bucharest (Women)"]
[Site "Bucharest"]
[Date "1993.??.??"]
[Round "7"]
[White "Roizen, Nadejda"]
[Black "Costescu, Marina"]
[Result "1-0"]
[WhiteElo "2210"]
[BlackElo "2090"]
[PlyCount "124"]
[EventDate "1993.??.??"]
[EventType "tourn"]
[EventRounds "11"]
[EventCountry "ROU"]
[SourceTitle "TD"]
[Source "ChessBase"]
[SourceDate "1994.03.01"]
[SourceVersion "1"]
[SourceVersionDate "1994.03.01"]
[SourceQuality "1"]

1. d4 Nf6 2. Nf3 c5 3. d5 g6 4. Nc3 Bg7 5. e4 0-0 6. Bc4 d6 7. h3 b5 8. Nxb5 Nxe4 9. 0-0 a6 10. Na3 Bb7 11. Bb3 Nd7 12. Nc4 a5 13. a4 Nef6 14. Ne3 Nb6 15. c4 e6 16. Bd2 exd5 17. cxd5 Ba6 18. Re1 c4 19. Ba2 Nbxd5 20. Nxc4 Bb7 21. Bg5 Nb4 22. Bb3 d5 23. Nce5 Qd6 24. Bf4 Nh5 25. Bh2 Qd8 26. Rc1 Rc8 27. Rxc8 Qxc8 28. Qd2 Nf6 29. Rc1 Qd8 30. Ng5 Ne8 31. Ngf3 Nd6 32. Qc3 f6 33. Nd3 Ne4 34. Qd4 f5 35. Be5 Bxe5 36. Ndxe5 Qe7 37. Qb6 Rc8 38. Rxc8+ Bxc8 39. Nc6 Nxc6 40. Qxc6 Be6 41. Nd4 Bf7 42. Bxd5 Nf6 43. Bxf7+ Kxf7 44. Qc4+ Kg7 45. Ne6+ Kf7 46. Ng5+ Kg7 47. g3 h6 48. Ne6+ Kf7 49. Nf4+ Kg7 50. Qc3 Qd7 51. Qe5 Kf7 52. Qxa5 g5 53. Ng2 Qd1+ 54. Kh2 Qd4 55. Qxf5 Qxa4 56. Ne3 Kg7 57. Ng4 Nxg4+ 58. Qxg4 Qa7 59. Qe2 Qd4 60. b3 Kg6 61. Qe6+ Kg7 62. Qe3 Qb4 1-0

[Event "Odorheiu Secuiesc op"]
[Site "Odorheiu Secuiesc"]
[Date "1993.??.??"]
[Round "4"]
[White "Roizen, Nadejda"]
[Black "Serban Mitaru, Dan"]
[Result "1/2-1/2"]
[WhiteElo "2205"]
[BlackElo "2330"]
[PlyCount "102"]
[EventDate "1993.05.??"]
[EventType "swiss"]
[EventRounds "11"]
[EventCountry "ROU"]
[SourceTitle "TD"]
[Source "ChessBase"]
[SourceDate "1994.03.01"]
[SourceVersion "1"]
[SourceVersionDate "1994.03.01"]
[SourceQuality "1"]

1. d4 Nf6 2. c4 g6 3. Nf3 Bg7 4. g3 0-0 5. Bg2 d6 6. 0-0 Nbd7 7. Qc2 c5 8. d5 Ne5 9. Nxe5 dxe5 10. Nc3 Ne8 11. Be3 Bf5 12. Qa4 b6 13. d6 e4 14. dxe7 Qxe7 15. Nd5 Qb7 16. g4 Bd7 17. Qc2 Nf6 18. Nxf6+ Bxf6 19. Bxe4 Bc6 20. Bxc6 Qxc6 21. Rad1 Rfe8 22. Rd5 Qe6 23. h3 h5 24. Rfd1 hxg4 25. Rd6 Qe7 26. Rd7 Qe4 27. Qxe4 Rxe4 28. hxg4 Rxg4+ 29. Kf1 Kg7 30. f3 Rh4 31. b3 Re8 32. Bg1 a5 33. Rb7 Bd4 34. e4 Bxg1 35. Kxg1 Re6 36. Kg2 g5 37. Rd5 Rg6 38. Rf5 g4 39. Rfxf7+ Kg8 40. Rfd7 gxf3+ 41. Kxf3 Rf6+ 42. Kg3 Rxe4 43. Rd8+ Rf8 44. Rxf8+ Kxf8 45. Rxb6 a4 46. Rb5 Re2 47. Rxc5 Rxa2 48. bxa4 Ke7 49. Kf4 Kd6 50. Rd5+ Kc6 51. Ke4 Rxa4 1/2-1/2

[Event "Bucharest TIT (Women)"]
[Site "Bucharest"]
[Date "1993.??.??"]
[Round "7"]
[White "Shumiakina, Tatiana"]
[Black "Roizen, Nadejda"]
[Result "1/2-1/2"]
[WhiteElo "2320"]
[BlackElo "2255"]
[PlyCount "68"]
[EventDate "1993.??.??"]
[EventType "tourn"]
[EventRounds "12"]
[EventCountry "ROU"]
[EventCategory "1"]
[SourceTitle "EXT 1999"]
[Source "ChessBase"]
[SourceDate "1998.11.16"]
[SourceVersion "1"]
[SourceVersionDate "1998.11.16"]
[SourceQuality "1"]

1. d4 g6 2. c4 Bg7 3. e4 d6 4. Nc3 e5 5. Be3 Nc6 6. Nge2 exd4 7. Nxd4 Nge7 8. Be2 0-0 9. 0-0 f5 10. Nxc6 Nxc6 11. exf5 Bxf5 12. c5 dxc5 13. Bxc5 Qxd1 14. Raxd1 Rfd8 15. Bf3 Be6 16. Nd5 Rac8 17. b3 b6 18. Be3 Kf7 19. Bg5 Rd7 20. Nf4 Rxd1 21. Rxd1 Ne5 22. Bb7 Rf8 23. Nxe6 Kxe6 24. Be4 Bf6 25. Be3 c5 26. h3 Rd8 27. Rxd8 Bxd8 28. f4 Nf7 29. g4 Nd6 30. Bd3 Bf6 31. Kf2 Kd5 32. Kf3 b5 33. Be2 a6 34. Bf2 c4 1/2-1/2

[Event "Bucharest (Women)"]
[Site "Bucharest"]
[Date "1991.??.??"]
[Round "?"]
[White "Safranska, Anda"]
[Black "Roizen, Nadejda"]
[Result "1/2-1/2"]
[WhiteElo "2235"]
[BlackElo "2220"]
[PlyCount "87"]
[EventDate "1991.??.??"]
[EventType "tourn"]
[EventRounds "11"]
[EventCountry "ROU"]
[SourceTitle "EXT 1997"]
[Source "ChessBase"]
[SourceDate "1996.11.15"]
[SourceVersion "1"]
[SourceVersionDate "1996.11.15"]
[SourceQuality "1"]

1. e4 c5 2. Nf3 d6 3. g3 Nf6 4. d3 e6 5. Bg2 Be7 6. 0-0 0-0 7. Nbd2 Nc6 8. c3 Qc7 9. Re1 b6 10. Nc4 d5 11. Ncd2 dxe4 12. dxe4 Rd8 13. Qa4 Bb7 14. e5 Nd7 15. Qf4 b5 16. h4 c4 17. Nd4 Nxd4 18. cxd4 Bxg2 19. Kxg2 c3 20. Ne4 Bb4 21. bxc3 Bxc3 22. Nxc3 Qxc3 23. Bd2 Qc6+ 24. Kh2 Nb6 25. Qg4 Qc2 26. Be3 Nc4 27. Re2 Qg6 28. Qf3 h5 29. Bg5 Rd5 30. a4 b4 31. Rc1 Nb6 32. Rec2 Rxd4 33. a5 Nd5 34. Rc8+ Rxc8 35. Rxc8+ Kh7 36. Rf8 Rd3 37. Qxf7 Qxf7 38. Rxf7 a6 39. Bf6 Nxf6 40. exf6 Kg6 41. Ra7 Kxf6 42. Rxa6 Rd5 43. Rb6 Rxa5 44. Rxb4 1/2-1/2